| 000 | 00747nam a2200253Ia 4500 | ||
|---|---|---|---|
| 003 | OSt | ||
| 005 | 20220918221024.0 | ||
| 006 | a|||||r|||| 00| 0 | ||
| 007 | ta | ||
| 008 | 220917b |||||||| |||| 00| 0 eng d | ||
| 024 | _a147,859 | ||
| 037 | _cTextual | ||
| 040 |
_aARTS _cARTS _beng |
||
| 041 |
_2eng _aeng |
||
| 082 | _aY72:3.654, K7 | ||
| 100 | _aTalbot P Amaury | ||
| 245 | 0 |
_aTribes of the Niger Delta _b Their religions and customs |
|
| 260 |
_aLondon _bFrank Cass _c1967 |
||
| 300 |
_axi,350p. illus _ccm. |
||
| 490 | _aCass library of African Studies : General studies ed by John Ralph Willis; 34 | ||
| 650 | _aSOCIOLOGY | ||
| 942 |
_hY72:3.654, K7 _cTEXL _2CC |
||
| 999 |
_c270594 _d270594 |
||